عرض عادي
عرض مارك
- Boardman, Cynthia A.
مدخل إسم شخص
001 - رقم الضبط
- حقل الضبط: 46305
003 - معرف رقم الضبط
- حقل الضبط: OSt
005 - تاريخ ووقت أخر عملية
- حقل الضبط: 20140710124122.0
008 - عناصر بيانات ثابتة الطول
- حقل تحكم ثابت الطول: 140710|||a|||||| | ||| d
040 ## - مصدر الفهرسة
- هيئة الفهرسة الأصلية: OSt
- وكالة الكتابة: OSt
100 ## - مدخل -- أسم شخص
- إسم شخص: Boardman, Cynthia A.
670 ## - بيانات المصدر موجوده
- الاستشهاد بالمصدر: Work cat.: (OSt)0: Boardman, Cynthia A., Writing to communicate. book 3 : essays and the short research paper /, 2008.
